সুর সম্রাট ওস্তাদ আলাউদ্দিন খাঁ: (Record no. 31733)

MARC details
000 -LEADER
fixed length control field 00903nam a22002057a 4500
003 - CONTROL NUMBER IDENTIFIER
control field BDDh-ASL
005 - DATE AND TIME OF LATEST TRANSACTION
control field 20231016062621.0
008 - FIXED-LENGTH DATA ELEMENTS--GENERAL INFORMATION
fixed length control field 230331s1994 bg ||||| |||| 00| 0 b d
040 ## - CATALOGING SOURCE
Original cataloging agency BDDh-ASL
Transcribing agency BDDh-ASL
041 ## - LANGUAGE CODE
Language code of text/sound track or separate title bengali
082 ## - DEWEY DECIMAL CLASSIFICATION NUMBER
Classification number 927
Item number ALS
100 1# - MAIN ENTRY--PERSONAL NAME
Personal name আলী, আহাম্মদ
9 (RLIN) 7907
245 10 - TITLE STATEMENT
Title সুর সম্রাট ওস্তাদ আলাউদ্দিন খাঁ:
Remainder of title জীবন ও সাধনা। /
246 ## - VARYING FORM OF TITLE
Title proper/short title Sur Samrat Ustad Alauddin Kha: Jibon O Sadhona.
260 ## - PUBLICATION, DISTRIBUTION, ETC.
Place of publication, distribution, etc. কুমিল্লা:
Name of publisher, distributor, etc. আল হোসেন প্রকাশনী,
Date of publication, distribution, etc. ১৯৯৪।
300 ## - PHYSICAL DESCRIPTION
Extent ১২৭ পৃষ্ঠা:
Dimensions ২২ সে.মি.
600 10 - SUBJECT ADDED ENTRY--PERSONAL NAME
Personal name খাঁ, ওস্তাদ আলাউদ্দিন
Titles and other words associated with a name সুর সম্রাট
9 (RLIN) 7908
650 #0 - SUBJECT ADDED ENTRY--TOPICAL TERM
Topical term or geographic name entry element biographical dictionary - চরিতাভিধান
9 (RLIN) 4665
942 ## - ADDED ENTRY ELEMENTS (KOHA)
Source of classification or shelving scheme Dewey Decimal Classification
Koha item type Books
Holdings
Withdrawn status Lost status Source of classification or shelving scheme Damaged status Not for loan Collection code Home library Current library Shelving location Date acquired Source of acquisition Total Checkouts Full call number Barcode Date last seen Copy number Price effective from Koha item type Public note
    Dewey Decimal Classification     Non-fiction Asiatic Society Library Asiatic Society Library General Stacks 04/06/2023 Donated by Professor Husniara Huq - A. K. M. Azizul Haq Collection   927 ALS 120461 04/06/2023 C-1 04/06/2023 Books Y-1994

Powered by Koha